| 000 | 00522nam a2200181Ia 4500 | ||
|---|---|---|---|
| 003 | GCL | ||
| 008 | 140319s9999 xx 000 0 eng d | ||
| 040 |
_aGCL / _cGCL |
||
| 082 | 0 | 4 |
_a133.56 _bL H |
| 100 | 1 | _aLOUIS, ANTHONY | |
| 245 | 1 | 0 |
_aHORARY ASTROLOGY: THE HISTORY AND PRACTICE OF ASTRO-DIVINATION / _cLOUIS, ANTHONY |
| 700 | 1 | _aWIGGERS, CAROL A. | |
| 260 |
_a[S.N] : _bLIEWELLYN PUBLICTIONS ، _c1991 |
||
| 650 | 0 | 4 | _aHORARY ASTROLOGY |
| 650 | 0 | 4 | _aDIVINATION, ASTROLOGY |
| 650 | 0 | 4 | _aASTROLOGY |
| 942 |
_2ddc _cBK |
||
| 999 |
_c19294 _d19294 |
||